00357nam a22001097a 4500020001900000040000900019082001600028245006600044942002000110999001900130952009800149 a978-0137909100 cIESE a005.72bDET a the Hidden Language of Computer Hardware and Software CODE 2ddccBKe2nd Ed c615936d615936 00102ddc4070aIESEbIESEd2026-01-26l0o005.72 DETpIESE-4041r2026-01-26w2026-01-26yBK